| 000 | 00843nam a2200277 a 4500 | ||
|---|---|---|---|
| 001 | 24931 | ||
| 003 | CO-ViMGA | ||
| 008 | 141112s2004 ck r 000 u spa d | ||
| 020 | _a9789584538956 | ||
| 040 |
_aCO-ViMGA _bspa _cCO-ViMGA |
||
| 041 | _aSPA | ||
| 090 | _aC KEI1 | ||
| 100 | 1 |
_aKeiko, Kasza _937468 |
|
| 245 | 1 | 0 |
_aNo te rías, Pepe / _cKeiko Kasza; traducido por Cristina Aparicio |
| 260 |
_aBogotá : _bNorma, _c2012 |
||
| 300 | _a30 p. : il. col. : il. | ||
| 490 | _aBuenas noches | ||
| 650 | 1 | 4 |
_aAUTORES JAPONESES _937469 |
| 650 | 1 | 4 |
_aCUENTOS JAPONESES _923214 |
| 650 | 1 | 4 |
_aDESDE LOS 3 AÑOS _937470 |
| 650 | 1 | 4 |
_aLITERATURA INFANTIL JAPONESA - SIGLO XX _937471 |
| 650 | 1 | 4 |
_aRELACION MADRE - HIJOS - CUENTO _937472 |
| 700 | 1 |
_aAparicio, María Cristina _937473 |
|
| 700 | 1 |
_aKeiko, Kasza _937468 |
|
| 942 |
_2ddc _cBK |
||
| 999 |
_c2576 _d2576 |
||